| 000 | 01861cam a22001814a 4500 | ||
|---|---|---|---|
| 005 | 20250605164403.0 | ||
| 008 | 250528s ||||||||||||||||||||||||d | ||
| 035 | _a24681 | ||
| 040 |
_aGR-AtMCL _bgre _dGR-AtMCL _eAACR2 |
||
| 245 | 1 | _aCovid-19 Pandemic Business | |
| 260 |
_bΔελτίον Διοικήσεως Επιχειρήσεων, _c2020 |
||
| 300 | _a88 | ||
| 520 | _aΈρχεται Νέο Νόμισμα στη Μετα Covid-19 Εποχή, Τεκτονικές Αλλαγές για Πράσινες Επενδύσεις και Χρηματοδοτήσεις, Ο Κόσμος μετά την Πανδημία να είναι πολύ καλύτερος, ΙΟΒΕ: Δυσοίωνες Προβλέψεις για την Ελληνική Οικονομία, ΟΚΕ: Προτάσεις για την Επόμενη Μέρα, Επιτροπή Κεφαλαιαγοράς: Νέο Νομοσχέδιο για το Χρηματιστήριο, Πετρέλαιο: Πτώση έως 40% Προβλέπει η Παγκόσμια Τράπεζα για το 2020, ΤτΕ: Αύξηση Τραπεζικών Καταθέσεων τον Μάρτιο, ECSA-ETF: Κοινή Επιστολή στην ΕΕ για να Παρθούν Ρυθμιστικά Μέτρα, BIMCO: Μεγάλη Μείωση στις Παραγγελίες Νεότευκτων στο Α' Τρίμηνο, Η ΕΕ Εγκαινιάζει Νέο Πιλοτικό Πρόγραμμα Ύψους 50 Εκατ. Ευρώ για την Ανάπτυξη Δεξιοτήτων και την Εκπαίδευση σε Όλη την Ευρώπη, Τα Νέα των Βιομηχανικών και Εμπορικών Επιχειρήσεων. | ||
| 700 | 1 |
_aΠαπαμιχαλάκης Ιωάννης Ν _99495 |
|
| 942 | _cCR | ||
| 999 |
_c9548 _d9548 |
||